| 000 -LEADER |
| fixed length control field |
02595cam a2200325 i 4500 |
| 001 - CONTROL NUMBER |
| control field |
21075211 |
| 003 - CONTROL NUMBER IDENTIFIER |
| control field |
OSt |
| 005 - DATE AND TIME OF LATEST TRANSACTION |
| control field |
20240221110537.0 |
| 008 - FIXED-LENGTH DATA ELEMENTS--GENERAL INFORMATION |
| fixed length control field |
190712s2020 nyua b 001 0 eng |
| 010 ## - LIBRARY OF CONGRESS CONTROL NUMBER |
| LC control number |
2019029805 |
| 020 ## - INTERNATIONAL STANDARD BOOK NUMBER |
| International Standard Book Number |
9780415787031 |
| 020 ## - INTERNATIONAL STANDARD BOOK NUMBER |
| International Standard Book Number |
9780415787048 |
| 020 ## - INTERNATIONAL STANDARD BOOK NUMBER |
| Canceled/invalid ISBN |
9781315226439 |
| 040 ## - CATALOGING SOURCE |
| Original cataloging agency |
DLC |
| Language of cataloging |
eng |
| Description conventions |
rda |
| Transcribing agency |
DLC |
| Modifying agency |
DLC |
| 042 ## - AUTHENTICATION CODE |
| Authentication code |
pcc |
| 050 00 - LIBRARY OF CONGRESS CALL NUMBER |
| Classification number |
NA1996 |
| Item number |
.H85 2020 |
| 082 00 - DEWEY DECIMAL CLASSIFICATION NUMBER |
| Classification number |
720.22 |
| Edition number |
23 |
| Author Mark |
HUI |
| 100 1# - MAIN ENTRY--PERSONAL NAME |
| Personal name |
Hui, Vincent, |
| Relator term |
author. |
| 9 (RLIN) |
121018 |
| 245 14 - TITLE STATEMENT |
| Title |
The architecture portfolio guidebook : |
| Remainder of title |
the essentials you need to succeed / |
| Statement of responsibility, etc. |
Vincent Hui. |
| 260 ## - PUBLICATION, DISTRIBUTION, ETC. |
| Place of publication, distribution, etc. |
New York: |
| Name of publisher, distributor, etc. |
Routledge; |
| Date of publication, distribution, etc. |
2020. |
| 300 ## - PHYSICAL DESCRIPTION |
| Extent |
xvii, 230 pages : |
| Other physical details |
chiefly illustrations (some color) ; |
| Dimensions |
26 cm |
| 504 ## - BIBLIOGRAPHY, ETC. NOTE |
| Bibliography, etc. note |
Includes bibliographical references and index. |
| 520 ## - SUMMARY, ETC. |
| Summary, etc. |
"The Architecture Portfolio Guidebook shows you how to make portfolios for both academic and professional needs to provide reviewers exactly what they're looking for. In school, architecture curricula nurtures the knowledge and skills to develop design work to varying levels of presentation. In the profession, those skills are further developed and applied in the creation of the built environment. In both contexts, a portfolio is a core component for admission and advancement. This book provides key strategies to: ·develop an understanding of the unique needs of professional and academic organizations ·identify applicants' key differentiators ·highlight how applicants present themselves in their portfolios to address institutional needs ·create successful reinforcing documentation ·communicate using portfolios Rather than proposing generic solutions, this book details the successful practices for portfolio creation by addressing portfolio creation academically and professionally. Supporting insights and examples from leading academics and architects from around the world reinforce the themes presented in this guidebook. An ideal read for students and professionals of architecture, landscape architecture, interior design and urban design, looking to advance their studies and careers"-- |
| 650 #0 - SUBJECT ADDED ENTRY--TOPICAL TERM |
| Topical term or geographic name entry element |
Architecture portfolios |
| General subdivision |
Design. |
| 9 (RLIN) |
32878 |
| 776 08 - ADDITIONAL PHYSICAL FORM ENTRY |
| Relationship information |
Online version: |
| Main entry heading |
Hui, Vincent, |
| Title |
The architecture portfolio guidebook |
| Place, publisher, and date of publication |
New York : Routledge, 2020. |
| International Standard Book Number |
9781315226439 |
| Record control number |
(DLC) 2019029806 |
| 906 ## - LOCAL DATA ELEMENT F, LDF (RLIN) |
| a |
7 |
| b |
cbc |
| c |
orignew |
| d |
1 |
| e |
ecip |
| f |
20 |
| g |
y-gencatlg |
| 942 ## - ADDED ENTRY ELEMENTS (KOHA) |
| Source of classification or shelving scheme |
|
| Koha item type |
Book |
| Institution code [OBSOLETE] |
SADA |
| Call number prefix |
720.22 HUI 2020 |